Visualizzazione normale
Vista MARC
- Fusco Giovanni
di Personal Name
Records bibliografici associati: 1
001 - CONTROL NUMBER
- control field: 41056
003 - CONTROL NUMBER IDENTIFIER
- control field: IT-RoPau
005 - DATE AND TIME OF LATEST TRANSACTION
- control field: 20151126161742.0
008 - FIXED-LENGTH DATA ELEMENTS
- fixed length control field: 151126|| aca||aabn | a|a d
040 ## - CATALOGING SOURCE
- Original cataloging agency: IT-RoPau
- Transcribing agency: IT-RoPau
100 ## - HEADING--PERSONAL NAME
- Personal name: Fusco Giovanni
- Relator term: (musica)
- Miscellaneous information: Codice Musica SPICS: 22982
670 ## - SOURCE DATA FOUND
- Source citation: Work cat.: (IT-RoPau)105376: Maselli Francesco Codice regista SPICS: 1587 41054, DELFINI (I) DELFINI (I) (Rif. Codice opera principale : 21573)